|
|
|
|
| LEADER |
01383nam a22003614a 4500 |
| 001 |
EBC3338431 |
| 003 |
MiAaPQ |
| 005 |
20200520144314.0 |
| 006 |
m o d | |
| 007 |
cr cn||||||||| |
| 008 |
000309s2000 be a sb 001 0 eng |
| 010 |
|
|
|z 00029196
|
| 020 |
|
|
|z 0262194422 (hc.)
|
| 035 |
|
|
|a (MiAaPQ)EBC3338431
|
| 035 |
|
|
|a (Au-PeEL)EBL3338431
|
| 035 |
|
|
|a (CaPaEBR)ebr2001027
|
| 035 |
|
|
|a (OCoLC)50016730
|
| 040 |
|
|
|a MiAaPQ
|c MiAaPQ
|d MiAaPQ
|
| 050 |
|
4 |
|a HB135
|b .S825 2000
|
| 082 |
0 |
4 |
|a 330
|2 21
|
| 100 |
1 |
|
|a Sutton, John,
|d 1948-
|
| 245 |
1 |
0 |
|a Marshall's tendencies
|h [electronic resource] :
|b what can economists know? /
|c John Sutton.
|
| 260 |
|
|
|a Leuven, Belgium :
|b Leuven University Press ;
|a Cambridge, Mass. :
|b MIT Press,
|c c2000.
|
| 300 |
|
|
|a xvi, 122 p. :
|b ill.
|
| 490 |
1 |
|
|a Gaston Eyskens lecture series
|
| 504 |
|
|
|a Includes bibliographical references (p. [113]-120) and index.
|
| 533 |
|
|
|a Electronic reproduction. Ann Arbor, MI : ProQuest, 2015. Available via World Wide Web. Access may be limited to ProQuest affiliated libraries.
|
| 600 |
1 |
0 |
|a Marshall, Alfred,
|d 1842-1924.
|
| 650 |
|
0 |
|a Economics
|x Mathematical models.
|
| 655 |
|
4 |
|a Electronic books.
|
| 710 |
2 |
|
|a ProQuest (Firm)
|
| 830 |
|
0 |
|a Gaston Eyskens lecture series.
|
| 856 |
4 |
0 |
|u https://ebookcentral.proquest.com/lib/matrademy/detail.action?docID=3338431
|z Click to View
|